000 00176nam a2200073Ia 4500
008 170817s9999 xx 000 0 und d
100 _aSingh.Pritam
245 0 _aSchool Based Assessment
260 _bShipra Pub
999 _c38989
_d38989